| 000 | 00455nam a22001577a 4500 | ||
|---|---|---|---|
| 005 | 20251108165247.0 | ||
| 008 | 250721s1979 xx 000 0 ara d | ||
| 082 | 1 | 4 | _a613.9/أعل |
| 100 | 1 | _aالمودودي، أبو الأعلى | |
| 245 | 1 | 0 | _aحركة تحديد النسل / |
| 264 | 1 |
_aبيروت : _bمؤسسة الرسالة، _c1979. |
|
| 300 | _a209ص : ملاحق | ||
| 650 | 1 | 7 | _aتحديد النسل |
| 942 |
_2ddc _cBK |
||
| 999 |
_c23471 _d23471 |
||